Triangulation in Utah, 1871-1934 /

Bibliographic Details
Main Author: Staack, J. G. (John George), 1878- (Author)
Format: Government Document eBook
Language:English
Published: [Washington, D.C.] : United States Department of the Interior, Geological Survey, 1940.
Series:Bulletin (Geological Survey (U.S.)) ; no. 913.
Subjects:
Online Access:https://purl.fdlp.gov/GPO/gpo63434

MARC

Tag First Indicator Second Indicator Subfields
LEADER 00000cam a2200000 i 4500
001 in00003613821
005 20211120173703.0
006 m o d f
007 cr bn|||||||||
008 140710s1940 dcuabf ob f001 0 eng c
035 |a (OCoLC)ocn883337295 
040 |a COP  |b eng  |e rda  |e pn  |c COP  |d OCLCO  |d OCLCA  |d OCLCF  |d GPO  |d MvI  |d UtOrBLW 
042 |a pcc 
043 |a n-us-ut 
049 |a WWW 
074 |a 0620 (online) 
086 0 |a I 19.3:913 
100 1 |a Staack, J. G.  |q (John George),  |d 1878-  |e author.  |0 http://id.loc.gov/authorities/names/nr95013846 
245 1 0 |a Triangulation in Utah, 1871-1934 /  |c J.G. Staack, Chief Topographic Engineer. 
264 1 |a [Washington, D.C.] :  |b United States Department of the Interior, Geological Survey,  |c 1940. 
264 2 |a Washington :  |b United States Government Printing Office 
300 |a 1 online resource (iv, 170 pages, 1 page of plates) :  |b illustrations, maps. 
336 |a text  |b txt  |2 rdacontent 
337 |a computer  |b c  |2 rdamedia 
338 |a online resource  |b cr  |2 rdacarrier 
490 1 |a Bulletin / United States Department of the Interior, Geological Survey ;  |v 913 
500 |a Title from title screen (viewed July 9, 2014). 
504 |a Includes bibliographical references and index. 
650 0 |a Triangulation  |z Utah. 
650 0 |a Geodesy  |z Utah. 
650 7 |a Geodesy.  |2 fast  |0 (OCoLC)fst00940371 
650 7 |a Triangulation.  |2 fast  |0 (OCoLC)fst01156446 
651 7 |a Utah.  |2 fast  |0 (OCoLC)fst01204563 
710 2 |a Geological Survey (U.S.),  |e issuing body.  |0 http://id.loc.gov/authorities/names/n80092173 
776 0 8 |i Print version:  |a Staack, J. G. (John George), 1878-  |t Triangulation in Utah, 1871-1934  |w (DLC)gs 40000272  |w (OCoLC)3572372 
830 0 |a Bulletin (Geological Survey (U.S.)) ;  |v no. 913.  |0 http://id.loc.gov/authorities/names/no2010146370 
856 4 0 |u https://purl.fdlp.gov/GPO/gpo63434  |t 0 
999 f f |s b0213ce4-994d-3f24-9986-dcf6c9c0ce33  |i 0c8f096c-bbc0-3ea5-8bc0-ff847f615b10  |t 0 
952 f f |a Texas A&M University  |b College Station  |c Electronic Resources  |d Available Online  |t 0  |e I 19.3:913  |h Superintendent of Documents classification 
998 f f |a I 19.3:913  |t 0  |l Available Online